Organometallic chemistry: A unified approach (Record no. 30898)

MARC details
000 -LEADER
fixed length control field 00525nam a2200181Ia 4500
008 - FIXED-LENGTH DATA ELEMENTS--GENERAL INFORMATION
fixed length control field 230917s9999||||xx |||||||||||||| ||und||
020 ## - ISBN
Price RS375
040 ## - CATALOGING SOURCE
-- 255185
Original cataloging agency VIVEKANANDA LIBRARY
041 ## - Language
-- English
082 ## - DDC NUMBER
Classification number 547.05 M474O(2)
100 ## - MAIN ENTRY--PERSONAL NAME
Personal name Mehrotra, R C
245 #0 - TITLE STATEMENT
Title Organometallic chemistry: A unified approach
250 ## - EDITION STATEMENT
Edition statement 2nd ed.
260 ## - PUBLICATION, DISTRIBUTION, ETC. (IMPRINT)
Place of publication, distribution, etc New Delhi
Name of publisher, distributor, etc New Age International (P) Limited, Publishers
Date of publication, distribution, etc 2018
300 ## - PHYSICAL DESCRIPTION
Pages xiii, 618 p.
500 ## - GENERAL NOTE
General note 3453 20/03/2019 HBD19/7815 20/03/2019 Chemistry SAP
942 ## - ADDED ENTRY ELEMENTS (KOHA)
Koha item type Books
Holdings
Withdrawn status Lost status Damaged status Not for loan Location (home branch) Sublocation or collection (holding branch) Date acquired Koha issues (times borrowed) Koha full call number Accession No. Koha date last seen Koha item type
        VIVEKANANDA LIBRARY VIVEKANANDA LIBRARY 01/04/2019 2 547.05 M474O(2) 388355 20/02/2025 Books
        VIVEKANANDA LIBRARY VIVEKANANDA LIBRARY 01/04/2019 1 547.05 M474O(2) 388356 03/02/2025 Books
        VIVEKANANDA LIBRARY VIVEKANANDA LIBRARY 01/04/2019 2 547.05 M474O(2) 388357 08/02/2025 Books
© Designed and Maintained by Vivekananda Library, MDU Rohtak